LEADER 01168nam a2200277 i 4500 001 000000068697 003 CaOOAMICUS 005 20100802000000.0 008 100802s1987 it u000 u ita u 013 $a39869 020 $a88-15-01532-9 040 $aSeMil$bita 245 12$aL'epistemologia di Cambridge (1850-1950) /$ca cura di Raffaella Simili. 260 $aBologna :$bIl Mulino,$c1987. 300 $a378 p. ;$c22 cm. 490 0 $aTemi e discussioni 650 4$aEpistemologia.$0(OLS)http://semarc/subject/312 650 4$aFilosofia inglese - Sec. 19.-20.$0(OLS)http://semarc/subject/13545 650 4$aFilosofia analitica - Scuola di Cambridge.$0(OLS)http://semarc/subject/13546 700 1 $aSimili, Raffaella.$0(OLS)http://semarc/name/34302 830 0$aTemi e discussioni.$0(OLS)http://semarc/title/6883 850 $aSeMil 852 $aSeMil$W1$xVenegono$y1$m2O III 260$j34850$B34850$CSeMilBibl$Z2$F34853 $81 996 $6020$a88-15-01532-9$9(OLS)http://semarc/number/46950 996 $6245$aL'epistemologia di Cambridge (1850-1950)$9(OLS)http://semarc/title/109797 996 $6260$aBologna :$bIl Mulino$9(OLS)http://semarc/publisher/29842 LEADER 00982nam a2200265 i 4500 001 000000085246 003 CaOOAMICUS 005 20180830145956.0 008 180830s1972 xx u000 u und u 013 $a57486 020 $a88-359- 040 $aSeMil$bita 100 1 $aGramsci, Antonio,$d<1891-1937>.$0(OLS)http://semarc/name/261 245 13$aIl Vaticano e l'Italia. 260 $aRoma :$bEditori Riuniti,$c1972. 300 $a142 p. 490 0 $aLe idee 650 4$aSanta Sede - Relazioni con l'Italia.$0(OLS)http://semarc/subject/6122 700 1 $aFubini, Elsa.$0(OLS)http://semarc/name/34850 830 3$aLe idee.$0(OLS)http://semarc/title/7067 850 $aSeMil 852 $aSeMil$W1$xVenegono$y1$m46 3 11 *$j49299$B49299$CSeMilBibl$Z2$F52845 $81 996 $6020$a88-359-$9(OLS)http://semarc/number/65619 996 $6245$aIl Vaticano e l'Italia$9(OLS)http://semarc/title/131829 996 $6260$aRoma :$bEditori Riuniti$9(OLS)http://semarc/publisher/30240